[Event "RUS-ch Seniors"]
[Site "Odintsovo"]
[Date "2011.04.24"]
[Round "6"]
[White "Degtiarev, Viktor"]
[Black "Pestov, Vladimir"]
[Result "1/2-1/2"]
[WhiteElo "1913"]
[BlackElo "2145"]
[PlyCount "78"]
[EventDate "2011.04.19"]
[EventType "swiss"]
[EventRounds "9"]
[EventCountry "RUS"]
[SourceTitle "CBM 142 Extra"]
[Source "ChessBase"]
[SourceDate "2011.06.27"]
[SourceVersion "1"]
[SourceVersionDate "2011.06.27"]
[SourceQuality "1"]

1. e4 b6 2. d4 Bb7 3. Nc3 e6 4. a3 d6 5. Nf3 Nf6 6. Bd3 Be7 7. Be3 0-0 8. h3 Nc6 9. Qe2 Na5 10. 0-0-0 c5 11. e5 Nd5 12. Nxd5 exd5 13. exd6 Qxd6 14. c3 c4 15. Bc2 b5 16. Rdg1 Nc6 17. g4 a5 18. Qd2 b4 19. Bf4 Qd8 20. a4 bxc3 21. bxc3 Bc8 22. h4 Bd6 23. g5 Bxf4 24. Qxf4 f5 25. gxf6 Qxf6 26. Qg3 Ra7 27. Ng5 h6 28. Nh3 Raf7 29. Bg6 Rb7 30. Bc2 Bf5 31. Bxf5 Qxf5 32. Qg6 Rb1+ 33. Kd2 Rb2+ 34. Kc1 Qxg6 35. Rxg6 Ra2 36. Rhg1 Ra1+ 37. Kd2 Rxg1 38. Rxg1 Ne7 39. Re1 Ng6 1/2-1/2

[Event "RUS-ch Seniors"]
[Site "Odintsovo"]
[Date "2011.04.21"]
[Round "3"]
[White "Pestov, Vladimir"]
[Black "Berberyan, Mishik"]
[Result "1-0"]
[WhiteElo "2145"]
[BlackElo "1957"]
[PlyCount "75"]
[EventDate "2011.04.19"]
[EventType "swiss"]
[EventRounds "9"]
[EventCountry "RUS"]
[SourceTitle "CBM 142 Extra"]
[Source "ChessBase"]
[SourceDate "2011.06.27"]
[SourceVersion "1"]
[SourceVersionDate "2011.06.27"]
[SourceQuality "1"]

1. Nf3 d5 2. c4 Nf6 3. d4 a6 4. e3 dxc4 5. Bxc4 e6 6. 0-0 b5 7. Be2 Nbd7 8. a3 c5 9. Nc3 Bb7 10. dxc5 Nxc5 11. Nd4 Be7 12. f3 0-0 13. b4 Ncd7 14. Bb2 Qb6 15. Kh1 Rfd8 16. Qe1 Ne5 17. Qg3 Nc6 18. Ne4 Nb8 19. Nc5 Bc8 20. Rac1 Qd6 21. f4 Nbd7 22. Bf3 Rb8 23. Rfd1 Nxc5 24. bxc5 Qc7 25. Nc6 Rxd1+ 26. Rxd1 Bb7 27. Be5 Qxc6 28. Bxc6 Bxc6 29. Bxb8 Ne4 30. Qe1 f5 31. Bd6 Bf6 32. Kg1 Bc3 33. Qe2 a5 34. Be5 b4 35. Rd8+ Kf7 36. axb4 axb4 37. Rb8 Bd5 38. Qh5+ 1-0